000 00310nam a22001457a 4500
999 _c10065
_d10065
003 OSt
005 20210209122045.0
008 210209b ||||| |||| 00| 0 eng d
040 _cDDC
050 _bB477C
082 _bB477C
100 _aBentley, Todd
245 _aChrist's healing touch
942 _2ddc
_cBK